000 00848nam a2200253Ia 4500
003 OSt
005 20220923224532.0
006 a|||||r|||| 00| 0
007 ta
008 220922b |||||||| |||| 00| 0 hin d
024 _a240,541
037 _cTextual
040 _aARTS
_cARTS
_bhin
041 _2hin
_ahin
082 _aY5924Jv, 152[Q0]
100 _aबैनीवाल, भलेराम
245 0 _aजाट यौद्धाओं का इतिहास
246 _aJāṭ yauddhāoan kā itihāsa
260 _aकरनाल
_b बैनीवाल पब्लिकेशन
_c2010
300 _a838पृ.
_ccm.
650 _aभारतीय-लोक साहित्य
942 _hY5924Jv, 152[Q0]
_cTEXL
_2CC
999 _c372046
_d372046